Comentarios al Cd̤igo Civil y compilaciones forales

Detalles Bibliográficos
Otros Autores: Albaladejo Garca̕, Manuel (Conductor)
Formato: Desconocido
Lenguaje:español
Publicado: Madrid : Revista de Derecho Privado : Editoriales de Derecho Reunidas, D.L. 1989
Materias:
Acceso en línea:Acceso restringido

MARC

LEADER 00000ny a22000003n 4500
005 20110617104749.0
008 970410s1989 sp s 000 0 spa c
017 |a D.L. M34117-1989 
020 |a 8471302160 
035 |a 489 
040 |a UMA.CEE  |d vLex 
040 |a UMA.RE  |d vLex 
080 |a 347(460) 
090 |c 801  |d 801 
245 0 0 |a Comentarios al Cd̤igo Civil y compilaciones forales  |h [Recurso electrn̤ico]  |c dirigidos por Manuel Albaladejo 
256 |a Servicio en ln̕ea 
260 |a Madrid :  |b Revista de Derecho Privado :  |b Editoriales de Derecho Reunidas,  |c D.L. 1989 
300 |a XIX, 706 p. ;  |c 21 cm 
505 0 |t Tomo XIV, Vol.2, Artc̕ulos 1.035 a 1.087 del Cd̤igo civil /  |r comentados por Manuel Albaladejo Garca̕... [et al.] 
506 1 |a Contenido solo disponible en los productos indicados  |d vLex Global  |d vLex Global (Academic Edition, excluding Law Schools)  |d vLex Global (U.S. Academic Edition, Law Schools)  |d vLex Global (U.S. Academic Edition, excluding Law Schools)  |d vLex Global (Academic Edition, Law Schools) 
650 0 7 |2 Tesauro vLex  |a Civil 
650 0 7 |2 Tesauro vLex  |a Cd̤igo civil 
650 0 7 |2 Tesauro vLex  |a Particin̤ hereditaria 
650 0 7 |2 Tesauro vLex  |a Sucesorio 
650 0 7 |2 Tesauro vLex  |a Colacin̤ 
650 0 7 |2 Tesauro vLex  |a Particicn̤ hereditaria 
650 0 7 |2 Tesauro vLex  |a Derecho sucesorio 
700 1 |a Albaladejo Garca̕, Manuel,  |e dir 
740 0 |a vLex Libros (Servicios en ln̕ea) 
856 4 0 |z Acceso restringido  |u http://vlex.com/source/489 
942 |c BOOK 
999 0 |a Civil Law   |b Madrid